00736nam a2200217Ia 4500003000900000008004100009020001800050040001600068080001600084100002700100245008900127260004700216300001600263650004100279650002600320650002000346700002800366942000700394999001500401952010200416IN-BaIIA211028s9999 xx 000 0 eng d a0-226-02787-2 cIIA Library a524-48bDAV aArnet, David W.914732 0aNucleosynthesis: challenges and new developmentscDavid W. Arnet And James W. Truran aChicagobUniversity of Chicago Pressc1985 aviii, 308p. aAstronomy and Astrophysics Thesaurus aNuclear Fusion914733 aNucleosynthesis aTruran, James W.914734 cBK c8766d8766 00104070aBANbBANcGENd1986-07-23l0o524-48/ DAVp9642r2021-11-05w1986-07-23yBKG£ 30.50